|
|
|
|
| LEADER |
00000nam a22000007a 4500 |
| 005 |
20191018220738.0 |
| 007 |
cr|||| |||| |
| 008 |
191018c20189999ch qr|w s|||| 0|||b1eng d |
| 022 |
|
|
|a 0020-8957
|
| 035 |
|
|
|a 3661
|
| 040 |
|
|
|a vLex
|
| 090 |
|
|
|c 9919
|d 9919
|
| 245 |
0 |
0 |
|a International Trade Forum
|h [Recurso electrn̤ico] /
|
| 256 |
0 |
0 |
|a Servicio en ln̕ea
|
| 260 |
|
|
|a Ginebra:
|b International Trade Centre UNCTAD/GATT,
|c 2018 -
|
| 300 |
|
|
|a 1 recurso electrn̤ico
|
| 310 |
|
|
|a Trimestral
|
| 506 |
1 |
|
|a Disponible solo en los productos indicados
|d vLex Global
|d vLex Global (Academic Edition, excluding Law Schools)
|d vLex Global (U.S. Academic Edition, Law Schools)
|d vLex Global (U.S. Academic Edition, excluding Law Schools)
|d vLex Global (Academic Edition, Law Schools)
|
| 650 |
0 |
4 |
|a Relaciones internacionales
|z Suiza
|
| 650 |
0 |
4 |
|a Derecho Internacional
|z Suiza
|
| 740 |
0 |
|
|a vLex Revistas (Servicio en ln̕ea)
|
| 856 |
4 |
0 |
|u http://vlex.com/source/international-trade-forum-3661
|z Acceso restringido
|
| 942 |
|
|
|c REV
|
| 999 |
0 |
|
|a International relations
|
| 999 |
0 |
|
|a International Law
|